000 00869nam0a2200289 4500
001 RU\NLR\BIBL_A\012722102
005 20250624131540.0
010 _910000
035 _a(NLR Aleph) 012722102
090 _a13307553
_c13307553
100 _a20220303d1952 |||y0rusy50 ca
101 0 _aaze
102 _aAZ
105 _aa z 000 y
181 0 _ai
_baxxe
182 0 _an
200 1 _aГиjмәтли дамҹылар
_fҺ. Сеjитбәjли
203 _aТекст
_bвизуальный
_cнепосредственный
210 _aБакы
_cУшагҝәнҹнәшр
_d1952
215 _a78, [2] с.
_cшәк.
_d20
541 1 _6z01790
_aЦенные капли
_zrus
700 1 _aСеjитбәjли
_bÒº.
_4070
790 1 _6z01541
_aСеидбейли
_bГ.
_4070
852 _aNLR
_bОНЛ
_jАзерб./2-6331
942 _cBOOK
980 _aNB